000
00242 a2200097 4500
001
52791
100
_a
Ramberg B
245
_a
Destruction of Nuclear Energy Facilities in War
260
_a
Toronto
_b
Lexington Books
_c
090
_c
33233
_d
33233
942
_a
NUST-CAE
_c
M
_c
25818
999
_c
287864
_d
287864